Quizzes
Events
Quiz Creation
Community
Videos
Private Events
Remove Ads
Sign In
Join for FREE
Feedback
Dark Mode
Quiz Categories
Sports
Geography
Music
Movies
Television
Just For Fun
Miscellaneous
History
Literature
Language
Science
Gaming
Entertainment
Religion
Holiday
For Kids
Quiz Lab
Recent
Popular Today
Quiz Kudos Today
Editor Picks
Curator Picks
Quizzes by...
Day
Popularity
Type
Ratings
Length
Year
Community
Subscriptions
Recent Discussions
Orange Saloon
Badges
Playlists
Quests
Create
Leaderboards
Showdown
Live 5
Trivia Bingo
Activity
Puzzle Library
Sporcle Events
Private Events
Virtual Trivia
Globe League
Become a Host
Pub Owners
SporcleCon
Opinionation
Our Games
Videos
Blog
Mobile Apps
Partnerships
Remove Ads and Go Orange
Feedback
Language
Vocabulary
Begins and Ends
Definition
Spanish
French
German
Italian
Chinese
Latin
Translation
Japanese
Language
Vocabulary
Begins and Ends
Definition
Spanish
French
German
Italian
Chinese
Latin
Translation
Japanese
Random Quiz
Search Sporcle
×
Quiz Lab
Quiz Lab
Language
Persian
Type in answers that appear in a list
Type in answers that appear in a list
Classic
Best Score? Go Orange.
Persian Number Words Stats
Can you name the Persian Number Words?
By
nightninja12
10m
30 Questions
56 Plays
56 Plays
56 Plays
Comments
Comments
Give Quiz Kudos
Give Quiz Kudos
-
- Ratings
hide this ad
More Info
Forced Order
Answers have to be entered in order
Answers have to be entered in order
Random Order
Randomize order of answers
Randomize order of answers
Replay
Link that replays current quiz
Next Quiz
Link to next quiz in quiz playlist
You Got
0%
They Got
Avg Score
65%
Avg Friend Score
Upgrade to see
Score Distribution
Jump to the score distribution portion of the page
Score
0/30
Timer
10:00
0
Plays Today
Persian Number
English Number
% Correct
دو
two
85.7%
چهار
four
85.7%
ده
ten
85.7%
سه
three
82.1%
یک
one
80.4%
نه
nine
76.8%
پنج
five
75%
شش
six
75%
هفت
seven
75%
هشت
eight
73.2%
هشتاد
eighty
73.2%
هفتاد
seventy
71.4%
بیست
twenty
69.6%
دوازده
twelve
67.9%
صد و دو
one hundred two
67.9%
Persian Number
English Number
% Correct
هفت صد
seven hundred
67.9%
نوزده
nineteen
64.3%
چهل
forty
64.3%
پنجاه
fifty
64.3%
شصت
sixty
64.3%
صد
one hundred
62.5%
سی
thirty
60.7%
نود
ninety
60.7%
هزار
one thousand
60.7%
میلیون
one million
58.9%
صد هزار
one hundred thousand
53.6%
صدو بیست و شش
one hundred twenty six
50%
صیرف
zero
42.9%
میلیارد
one billion
39.3%
هزار وهفت صد بیست و دو
one thousand eight hundred twenty two
16.1%
Quiz Playlist
Details
Report
Send in Message
Add To Playlist
More Info:
Answers must be written out in English. 57 won't work, fifty seven will.
Classic:
Type in answers that appear in a list
Forced Order:
Answers have to be entered in order
Random Order:
Randomize order of answers
Quiz Source
Last Updated: Feb 16, 2017
Quiz Scoreboard
CHALLENGE
Sign Up to Join the Scoreboard
Show All
Scores
Hide
Comments
May contain spoilers
Recently Published
An Introduction to Baseball
by treessimontrees
Sports
5m
Movies - When Are They Set?
by FPL_Elf
Movies
5m
Popular People in 1961
by mucciniale
History
6m
More to Explore
Quiz From the Vault
Featured Blog Post
Where Did the Easter Bunny Come From?
hide this ad
You Might Also Like...
Tags
English
Persian
Today's Top Quizzes in Language
Browse Language
hide this ad
Today's Top Quizzes in Persian
Browse Persian
Top Contributed Quizzes in Language
1
1-10 Letter F Words III
2
Order Up: Top 10 Most Native Spoken Languages
3
1-10 Letter G Words III
4
1-10 Letter H Words III
5
One Thing in Common: Italy
6
Weisst du, aus welchen Sprachen diese Wörter stammen?
7
1-10 Letter I Words III
8
1-10 Letter J Words III
9
Celtic Nations in their Language
10
Begins and Ends With AN
Explore More
Trending Topics
Marvel
NBA
Crossword
Harry Potter
Kpop
Anime
Disney
NFL
Soccer
Pokémon
Country
The Office
Puzzle
WWE
Song
hide this ad
More By:
nightninja12
Quiz
Plays
Rating
Category
Featured
Created
Persian Numbers
188
5.00
Language
Mar 26, 2012
Barnyard Animals by Noise
145
2.50
Just For Fun
Aug 23, 2010
Persian Number Words
56
Language
Mar 26, 2012
Go to Creator's Profile
Score Distribution
Quiz Creator Spotlight
nightninja12
Follow
Send a Message
Quizzes Created
-
Created Quiz Play Count
-
More By This Creator
Popular Quizzes Today
1
Find the Countries of Europe - No Outlines Minefield
2
Find the US States - No Outlines Minefield
3
The Countries of the World
4
Popular People in 1961
5
Find the US States
6
US States
7
1-10 Letter E Words III
8
Risky Map Clicking: Biggest States A-Z
More Language Quizzes
Literal Old English Months
Editor's Pick
Trending Quizzes
Risky Map Clicking: Least Populous States A-Z
1-10 Letter F Words
1-10 Letter G Words
One Thing in Common: United Kingdom
Risky Map Clicking: Next State Alphabetically
Recently Updated
Leaping Animals
pecheneg
Reality TV Shows (A-Z)
bhenderson79
Rickey Henderson's Hall of Fame Teammates
pecheneg
Champions League XIs: Arsenal
pecheneg
Quick Pick: Celebrities in WWE's Hall of Fame
aduchscher
A-Z Keypad Blitz II
pecheneg
Multiple Oscar Actors
pecheneg
Mystery Phrase Blitz: Oscar 'Best Actors'
pecheneg
F. Scott Fitzgerald Novels
LTH
Pick 3 Villains
ddd62291
Trending Topics
Anime
Disney
Crossword
Harry Potter
Marvel
Kpop
NBA
Country
WWE
The Office
Soccer
Song
Pokémon
NFL
Puzzle
Your Account Isn't Verified!
In order to create a playlist on Sporcle, you need to verify the email address you used during registration. Go to your
Sporcle Settings
to finish the process.
Report this User
Report this user for behavior that violates our
Community Guidelines
.
Details:
Send Report
Go to the Sporcle.com Mobile Site →
Comments